000 00921cam a22001814a 4500
005 20250605163721.0
008 250528s ||||||||||||||||||||||||d
035 _a24916
020 _a9781633691629
040 _aGR-AtMCL
_bgre
_dGR-AtMCL
_eAACR2
245 1 _aOn Managing Across Cultures / If You Read Nothing Else on Managing Across Cultures and Read These Definitive Articles from Harvard Business Review
260 _bHarvard Business Review Press,
_c2016
300 _a166
520 _aCultural Intelligence, Managing Multicultural Teams, L'Oreal Masters Multiculturalism, Making Differences Matter: A New Paradigm for Managing Diversity, Navigating the Cultural Minefield, Values in Tension: Ethics Away from Home, Global Business Speaks English, 10 Rules for Managing Global Innovation, Lost in Translation, The Right Way to Manage Expats, Index.
942 _cBK
999 _c9748
_d9748